Statistics for Busiest Tyne and Wear Metro Stations

Click here to take the quiz!

General Stats

  • This quiz has been taken 64 times
  • The average score is 16 of 20

Answer Stats

Number of RidersLineStation% Correct
2.71 millionGreen & YellowCentral Station
98%
0.59 millionYellowSouth Shields
92%
3.22 millionGreen & YellowHaymarket
90%
5.25 millionGreen & YellowMonument
90%
0.76 millionYellowNorth Shields
88%
0.56 millionYellowTynemouth
88%
0.53 millionYellowWhitley Bay
88%
1.81 millionGreen & YellowGateshead
86%
0.65 millionGreen & YellowJesmond
86%
0.77 millionGreenSunderland
86%
1.11 millionGreen & YellowWest Jesmond
80%
1.61 millionGreen & YellowSouth Gosforth
73%
0.50 millionYellowWallsend
73%
1.09 millionGreen & YellowPelaw
71%
0.45 millionYellowFour Lane Ends
69%
0.57 millionGreen & YellowGateshead Stadium
69%
1.01 millionGreen & YellowHeworth
69%
0.80 millionYellowLongbenton
65%
0.52 millionYellowMonkseaton
63%
0.71 millionGreenRegent Centre
57%

Score Distribution

Percentile by Number Answered

Percent of People with Each Score

Your Score History

You have not taken this quiz